000 00454nam a2200145 a 4500
001 000033629
005 20200930070410.0
008 110902s1898 fr ac 000 0 fre d
040 _aDO-SdBNP
_bspa
_cBNPHU
082 _axxx
_bH184v
100 1 _aDÊ» Hallencourt, Charles
_959101
245 1 0 _aVie illustree de Christophe Colomb /
_cCharles DʻHallencourt.
260 _aAbbeville, France :
_bC. Paillart,
_c1898.
300 _a240 p. :
_bil., retrs. ;
_c24 cm.
999 _c33120
_d33120